| 000 | 01023cam a22001935a 4500 | ||
|---|---|---|---|
| 001 | L150377 | ||
| 008 | 100707e2010 xxk 000 0 eng d | ||
| 035 | _a(Sirsi) u150377 | ||
| 041 | 0 | _aeng | |
| 110 | 2 |
_aEuroProperty _91216 |
|
| 245 | 0 | 0 |
_aSurvey _bParis |
| 260 | _c2010 | ||
| 490 | 0 |
_aEuroProperty _v5 July 2010, 17-21(5) |
|
| 520 | _aThe Paris office market where the state is a key occupier has avoided oversupply problems but with few completions has seen an increase in vacancies as prospective tenants seek better deals on the south periphery, although the Paris Central Business District has not suffered a tenant exodus. Equity investors continue to gobble up French retail property, especially shopping centres, with Euros 1.8bn worth of trade in the first half of 2010. French lenders are preparing refinancing deals for 2011 as rents bottom out and yields compress. | ||
| 590 | _aKA | ||
| 651 | 4 | _aParis | |
| 690 | _aPROPERTY-COMMERCIAL PROPERTY-COMMERCIAL PROPERTY FINANCE AND INVESTMENT | ||
| 942 | _n0 | ||
| 999 |
_c82484 _d82484 |
||